书目信息 |
| 题名: |
智能门禁控制系统
|
|
| 作者: | 王汝琳 编著 | |
| 分册: | ||
| 出版信息: | 北京 电子工业出版社 2004 |
|
| 页数: | 281页 | |
| 开本: | 24cm | |
| 丛书名: | 智能建筑系列丛书 | |
| 单 册: | ||
| 中图分类: | TS914.211 , TS914.211.7 | |
| 科图分类: | ||
| 主题词: | 智能建筑--保险装置--控制系统 | |
| 电子资源: | ||
| ISBN: | 7-121-00262-0 | |
| 000 | 00883oam2 2200253 450 | |
| 001 | 07079000384 | |
| 005 | 20070721133552.79 | |
| 010 | @a7-121-00262-0@dCNY28.00 | |
| 100 | @a19961012d2004 ekmy0chiy0110 ea | |
| 101 | 0 | @achi |
| 102 | @aCN@b110000 | |
| 105 | @aa z 000yy | |
| 200 | 1 | @a智能门禁控制系统@Azhi neng men jin kong zhi xi tong@f王汝琳编著 |
| 210 | @a北京@c电子工业出版社@d2004 | |
| 215 | @a281页@c图表@d24cm | |
| 225 | 2 | @a智能建筑系列丛书 |
| 330 | @a本书在对当前门禁控制系统的现状调研的基础上,从整体方案、软硬件设计、系统控制、单片机应用、通信接口、功能集成等方面介绍了一种新型的感应式(RF)智能门禁控制系统。 | |
| 461 | 0 | @12001 @a智能建筑系列丛书 |
| 606 | 0 | @a智能建筑@x保险装置@x控制系统 |
| 690 | @aTS914.211@v4 | |
| 690 | @aTS914.211.7@v3 | |
| 701 | 0 | @a王汝琳@Awang ru lin@4编著 |
| 801 | 0 | @aCN@bTAOJIN@c20070721 |
| 905 | @a10447@dTS914.211.7@e4 | |
| 智能门禁控制系统/王汝琳编著.-北京:电子工业出版社,2004 |
| 281页:图表;24cm.-(智能建筑系列丛书 ) |
| ISBN 7-121-00262-0:CNY28.00 |
| 本书在对当前门禁控制系统的现状调研的基础上,从整体方案、软硬件设计、系统控制、单片机应用、通信接口、功能集成等方面介绍了一种新型的感应式(RF)智能门禁控制系统。 |
| ● |
| 相关链接 |
|
|
|
|
正题名:智能门禁控制系统
索取号:TS914.211.7/4
 
预约/预借
| 序号 | 登录号 | 条形码 | 馆藏地/架位号 | 状态 | 备注 |
| 1 | 0822357 | 208223572 | 第二样本阅览室/ [索取号:TS914.211.7/4] | 在馆 | |
| 2 | 0822358 | 208223581 | 第三借阅区/ [索取号:TS914.211.7/4] | 在馆 | |
| 3 | 0822359 | 208223590 | 第三借阅区/ [索取号:TS914.211.7/4] | 在馆 | |
| 4 | 0822360 | 208223607 | 第三借阅区/ [索取号:TS914.211.7/4] | 在馆 | |
| 5 | 0822361 | 208223616 | 第三借阅区/ [索取号:TS914.211.7/4] | 在馆 |